000 00435nam a22001457a 4500
008 230227b |||||||| |||| 00| 0 eng d
020 _a978-8170-26527-6
082 _a398.2
100 _aF. Anton Von Schiefner
245 _aTibetan Tales;
_bDerived from Indian Sources
_cF. Anton Von Schiefner
260 _aNew Delhi:
_bHeritage Publishers,
_c2022
300 _a451 p.
_c19 cm
942 _2ddc
999 _c9337
_d9338